Übersetzung als interkulturelle Kommunikation bakalárska práca

Salvato in:
Dettagli Bibliografici
Autore principale: Holický, Filip
Ente Autore: Fakulta aplikovaných jazykov EU v Bratislave. Katedra jazykovedy a translatológie
Altri autori: Seresová, Katarína, 1967-
Natura: Libro
Lingua:tedesco
Pubblicazione: Bratislava 2013
Tags: Aggiungi Tag
Nessun Tag, puoi essere il primo ad aggiungerne!!

MARC

LEADER 00000nbm a2200000 4500
001 0170108
005 20161109112013.0
041 0 |a ger 
044 |a SK 
245 1 0 |a Übersetzung als interkulturelle Kommunikation  |b bakalárska práca  |c Filip Holický ; školiteľ: Katarína Seresová 
264 1 |a Bratislava  |c 2013 
300 |a 38 s. 
100 1 |a Holický, Filip 
700 1 |a Seresová, Katarína, 1967- 
710 2 |a Fakulta aplikovaných jazykov EU v Bratislave. Katedra jazykovedy a translatológie